=LDR 00000nam 2200000 4500 =001 INLIS000000000012373 =005 20130612103913 =008 ***********************************Ind** =035 ##$$0010-061300000012373 =041 ##$$a Ind =082 ##$$a 658.64 =090 ##$$a 658.64, Par k =100 ##$$a Parikh, Jagdish =245 ##$$a Kiat menjadi manajer tanpa stress, Jagdish parikh ; alih bahasa Adiwinta D =260 ##$$a 1995 $b Jakarta =300 ##$$a xxx,171 hlm., Ilus, 21 cm =650 ##$$a Manajemen Eksekutif =700 ##$$a Adiwinta D =850 ##$$a NBPNMAT